000 00641nam a2200229Ia 4500
003 BUBTL
008 151213s9999 xx 000 0 und d
020 _a0-314-46552-9
082 _a658.4/MCM
100 _aJ.R.Mcguigan & R.C.Moyer
_93050
245 _aManagerial Economics
_cJ.R.Mcguigan & R.C.Moyer
250 _a5th
260 _aNew York
_bWest
_c1989
300 _axxxii , 722p . :
_bill . Table ; 25cm
500 _aIncludes Index
650 _aEconomics
_93051
650 _aEconomics
_93051
700 _aJ.R.Mcguigan & R.C.Moyer
_93050
856 _k0
_l0
_yDownload
942 _2ddc
_cBK
999 _c1753
_d1753